| 000 | 00346nam a22001457a 4500 | ||
|---|---|---|---|
| 008 | 250307b |||||||| |||| 00| 0 eng d | ||
| 020 | _a0136421822 | ||
| 050 |
_aHD31 _b.R63 |
||
| 100 | _aROBBINS, Stephen P. | ||
| 245 | _aOrganization Theory | ||
| 250 | _a2nd | ||
| 260 |
_aU.S.A _bPrentice Hall Inc. _c1987 |
||
| 300 | _axxiii, 158 | ||
| 942 | _cBK | ||
| 999 |
_c2140 _d2140 |
||